000 00734nam a2200241 a 4500
999 _c4336
_d4336
001 4336
003 BD-JhCC
005 20171126164651.0
008 171126s2007 bg a|||| ||b| 000 0 ben d
020 _a9840745921
035 _a(BD-JhCC)4336
040 _aBD-JhCC
_dBD-JhCC
041 _aben
082 _a639.089
_bMOS 2007
100 _aমোস্তফা, এ এইচ এম
245 _aফলিত পশু চিকিৎসাবিজ্ঞান /
_cএ এইচ এম মোস্তফা
260 _aঢাকা :
_bবাংলা একাডেমী,
_c2007.
300 _a664 p. :
_c21 cm.
_billu;
650 _aVeterinary medicine
650 _aLife Science
942 _2ddc
_cBK